Catalog

Record Details

Catalog Search



The dot  Cover Image Book Book

The dot / Peter H. Reynolds.

Summary:

Her teacher smiled. "Just make a mark and see where it takes you." Art class is over, but Vashti is sitting glued to her chair in front of a blank piece of paper. The words of her teacher are a gentle invitation to express herself. But Vashti can't draw - she's no artist. To prove her point, Vashti jabs at a blank sheet of paper to make an unremarkable and angry mark. "There!" she says. That one little dot marks the beginning of Vashti's journey of surprise and self-discovery. That special moment is the core of Peter H. Reynolds's delicate fable about the creative spirit in all of us.

Record details

  • ISBN: 9780763619619 (alk. paper)
  • ISBN: 0763619612 (alk. paper)
  • ISBN: 9780545303033
  • ISBN: 0545303036
  • Physical Description: 1 v. (unpaged) : color illustrations ; 20 cm. 1 volume (unpaged) : color illustrations ; 20 x 21 cm
  • Edition: 1st edition
  • Publisher: Cambridge, Mass. : Candlewick Press, 2003.

Content descriptions

Target Audience Note:
Ages: 5-9.
Subject: Self-confidence > Juvenile fiction.
Art > Juvenile fiction.
Schools > Juvenile fiction.
School stories.
Drawing art > Fiction.
Genre: Juvenile works.
Fiction.
Picture books.

Available copies

  • 2 of 2 copies available at scottsboropl.

Holds

  • 0 current holds with 2 total copies.
Show Only Available Copies
Location Call Number / Copy Notes Barcode Shelving Location Status Due Date
scottsboropl E Rey 32269001075129 Juvenile - Easy Available -
scottsboropl E Rey 32269001209082 Storage - Juvenile Available -

LDR 01013cam a2200289 a 4500
001121336
003SBPL
00520171121075425.0
008021104s2003 maua b 000 1 eng
010 . ‡a 2002041113
020 . ‡a9780763619619 (alk. paper)
020 . ‡a0763619612 (alk. paper)
020 . ‡a9780545303033 ‡q(pbk. : Scholastic)
020 . ‡a0545303036 ‡q(pbk. : Scholastic)
035 . ‡a(CONS)121336
035 . ‡a(CPomAG)LMN440875
05000. ‡aPZ7.R337645 ‡bDo 2003
08214. ‡a[E] ‡221
1001 . ‡aReynolds, Peter, ‡d1961-
24514. ‡aThe dot / ‡cPeter H. Reynolds.
250 . ‡a1st edition
260 . ‡aCambridge, Mass. : ‡bCandlewick Press, ‡c2003.
300 . ‡a1 v. (unpaged) : ‡bcolor illustrations ; ‡c20 cm.
264 1. ‡aCambridge, Massachusetts : ‡bCandlewick Press, ‡c2003.
300 . ‡a1 volume (unpaged) : ‡bcolor illustrations ; ‡c20 x 21 cm
336 . ‡atext ‡btxt ‡2rdacontent
336 . ‡astill image ‡bsti ‡2rdacontent
337 . ‡aunmediated ‡bn ‡2rdamedia
338 . ‡avolume ‡bnc ‡2rdacarrier
520 . ‡aHer teacher smiled. "Just make a mark and see where it takes you." Art class is over, but Vashti is sitting glued to her chair in front of a blank piece of paper. The words of her teacher are a gentle invitation to express herself. But Vashti can't draw - she's no artist. To prove her point, Vashti jabs at a blank sheet of paper to make an unremarkable and angry mark. "There!" she says. That one little dot marks the beginning of Vashti's journey of surprise and self-discovery. That special moment is the core of Peter H. Reynolds's delicate fable about the creative spirit in all of us.
521 . ‡aAges: 5-9.
650 0. ‡aSelf-confidence ‡vJuvenile fiction.
650 0. ‡aArt ‡vJuvenile fiction.
650 0. ‡aSchools ‡vJuvenile fiction.
650 7. ‡aSchool stories. ‡2sears
6507 . ‡aDrawing art ‡xFiction. ‡2sears
655 7. ‡aJuvenile works.
655 7. ‡aFiction. ‡2lcgft
655 7. ‡aPicture books. ‡2lcgft
7001 . ‡aReynolds, Peter H. ‡q(Peter Hamilton), ‡d1961- ‡tCreatrilogy.
901 . ‡a121336 ‡bUnknown ‡c121336 ‡tbiblio

Additional Resources